Sanremo '90-Big, giovani, star internazionali (Record n. 99685)
[ formato base ]
| 000 -LEADER | |
|---|---|
| fixed length control field | 02313njm a2200301Ia 4500 |
| 001 - CONTROL NUMBER | |
| control field | 85611 |
| 003 - CONTROL NUMBER IDENTIFIER | |
| control field | IT-RoPAU |
| 005 - DATE AND TIME OF LATEST TRANSACTION | |
| control field | 20220918181120.0 |
| 008 - FIXED-LENGTH DATA ELEMENTS--GENERAL INFORMATION | |
| fixed length control field | 131025s9999 xx 000 0 und d |
| 040 ## - CATALOGING SOURCE | |
| Original cataloging agency | IT-RoPAU |
| 040 ## - CATALOGING SOURCE | |
| Transcribing agency | IT-RoPAU |
| 041 ## - LANGUAGE CODE | |
| Language code of text/sound track or separate title | ITALIANO |
| 999 ## - SYSTEM CONTROL NUMBERS (KOHA) | |
| Koha Dewey Subclass [OBSOLETE] | n.d. |
| 100 ## - MAIN ENTRY--PERSONAL NAME | |
| Personal name | AA.VV. |
| 9 (RLIN) | 794 |
| 100 ## - MAIN ENTRY--PERSONAL NAME | |
| Relator term | Autore musica |
| 9 (RLIN) | 26571 |
| 100 ## - MAIN ENTRY--PERSONAL NAME | |
| Miscellaneous information | Codice autore musica SPICS: 12000 |
| 9 (RLIN) | 796 |
| 245 ## - TITLE STATEMENT | |
| Title | Sanremo '90-Big, giovani, star internazionali |
| 250 ## - EDITION STATEMENT | |
| Edition statement | 1a ed. |
| 260 ## - PUBLICATION, DISTRIBUTION, ETC. (IMPRINT) | |
| Place of publication, distribution, etc. | ITALIA |
| 260 ## - PUBLICATION, DISTRIBUTION, ETC. (IMPRINT) | |
| Name of publisher, distributor, etc. | POLYGRAM |
| Date of publication, distribution, etc. | 1990 [1a Ed.:1990 - Ed. Lingua Orig.: 1990] |
| 300 ## - PHYSICAL DESCRIPTION | |
| Extent | DISCO |
| 300 ## - PHYSICAL DESCRIPTION | |
| Dimensions | 135 minuti (Testo: 0 pag.) |
| 500 ## - GENERAL NOTE | |
| General note | Musica leggera. Canzone. Brani di autori vari presentati al Festival di Sanremo 1990 |
| 505 ## - FORMATTED CONTENTS NOTE | |
| Formatted contents note | Bisognerebbe non pensare che a te [(Caselli Caterina) (5:00)] - Evviva Maria [(Di Capri Peppino) (5:00)] - Angel of the Night [(Uomini soli) (Bridgewater Dee Dee) (4:00)] - L'età dell'oro [(Celentano Rosalinda) (5:00)] - Novecento Aufwiedersehen [(Bennato Eugenio) (5:00)] - Sbandamenti [(Laccone Sergio) (4:00)] - Io vorrei [(Giacobbe Sandro) (4:00)] - Sono felice [(Milva-Biolcati Maria Ilva) (4:00)] - Gli amori [(Cutugno Toto) (4:00)] - Love Pains [(Minnelli Liza) (5:00)] - Vieni a stare qui [(Fasano Franco) (5:00)] - Buona giornata [(I Ricchi e Poveri) (4:00)] - Ringrazio Dio [(Turci Paola) (5:00)] - Noi non diciamo mai mai [(Gai Dario) (5:00)] - All For the Love [(Costa Nikka) (4:00)] - Amori [(Biolcati Lena) (4:00)] - Donna con te [(Kaoma) (5:00)] - Tu... si... [(Mango) (5:00)] - Nas asas de um violao [(Ringrazio Dio) (Toquinho) (5:00)] - La lambada strofineira [(De Razza Armando) (4:00)] - Speak To Me of Love [(Morris Sarah Jane) (5:00)] - Favolando [(Crisci Rosé) (5:00)] - Novecento Aufwiedersehen [(Moncada D.) (4:00)] - Amore [(Christian) (4:00)] - A [(Winnie Papa) (4:00)] - Disperato [(Masini Marco) (5:00)] - You and Me [(Jackson La Toya) (4:00)] - Ti dirò [(Future) (4:00)] - Give Me A Reason [(Makeba Miriam) (5:00)] - Una storia da raccontare [(Makeba Miriam) (4:00)] - La Nevada [(Lopez-Mijares) (5:00)] - Vorrei [(Reitano Mino) (4:00)] |
| 650 ## - SUBJECT ADDED ENTRY--TOPICAL TERM | |
| Topical term or geographic name as entry element | CANZONE ITALIAN [DISCHI] |
| Relator term | Codice MATERIA SPICS: 9950 |
| 9 (RLIN) | 26572 |
| 700 ## - ADDED ENTRY--PERSONAL NAME | |
| Personal name | AA.VV. |
| Miscellaneous information | Codice autore testo/musica SPICS: 12000 |
| Relator term | Autore testo/musica |
| 9 (RLIN) | 26573 |
| 942 ## - ADDED ENTRY ELEMENTS (KOHA) | |
| Koha item type | DISCHI |
| Source of classification or shelving scheme | Dewey Decimal Classification |
| Withdrawn status | Lost status | Damaged status | Not for loan | Home library | Current library | Date acquired | Total Checkouts | Full call number | Date last seen | Price effective from | Koha item type | Public note |
|---|---|---|---|---|---|---|---|---|---|---|---|---|
| Buone Condizioni | Not For Loan | SPICS-MEDIATECA | SPICS-MEDIATECA | 25/10/2013 | 85611 | 25/10/2013 | 25/10/2013 | DISCHI | Progr. Ins.: 21264 / N.Vol.: 2 / Copie: 1 - Copia rara: n.d. / date import: 01.01.2014 - By Epidotti, Trombetti, Vaglietti |